| 000 | 03940nam a22004937a 4500 | ||
|---|---|---|---|
| 003 | AR-RoUNCS | ||
| 005 | 20260506163029.0 | ||
| 007 | ta | ||
| 008 | 241127s2024 ag |||||r|||| 00| 0 spa d | ||
| 020 | _a9789877026719 | ||
| 040 |
_aAR-RoUNCS _cAR-RoUNCS _bspa |
||
| 041 | _aspa | ||
| 245 | 0 | 0 |
_aSeminario : _bla cuestión armenia en las relaciones internacionales (compilación). |
| 260 |
_aRosario : _bUNR Editora, _c[2024]. |
||
| 300 |
_a219 p. : _bmaps. ; _c23 cm. |
||
| 505 |
_tPrólogo / _rpor Franco Bartolacci -- |
||
| 505 |
_tPrólogo / _rpor Liliana María Conforti -- |
||
| 505 |
_tIntroducción: presentación del libro / _rpor Florencia Demirdjian -- |
||
| 505 |
_tDerecho Internacional Público: apuntes de clase / _rpor Lidia Gatti -- |
||
| 505 |
_tLa internacionalización de la Cuestión Armenia Zonas de Influencia: Ruta de la seda, Canal de Suez y Bagdad-Berlin / _rpor Florencia Demirdjian -- |
||
| 505 |
_tLa República Democrática de Armenia, una aproximación de su historia y su legado / _rpor Nicolás D. Sabuncuya -- |
||
| 505 |
_tArmenia, una de las quince Repúblicas Socialistas Soviéticas / _rpor Sabrina Demirdjia -- |
||
| 505 |
_tEl negacionismo turco del genocidio de los armenios. Una perspectiva desde lo legal y social sobre la Turquía republicana durante el gobierno de Mustafá Kemal (1920-1938) / _rpor Eduardo A. Karsaclian -- |
||
| 505 |
_tLa emigración del los armenios del Imperio otomano a la Argentina durante la primera mitad del siglo XX: factores de expulsión y atracción / _rpor Nélida Boulgourdjian -- |
||
| 505 |
_tEl genocidio armenio: el camino político y jurídico del reconocimiento internacional / _rpor Matilde Bruera -- |
||
| 505 | _tDerechos Humanos y Genocidio. Estudios de caso: el genocidio contra el pueblo armenio / | ||
| 505 | _tpor Alberto Neirot -- | ||
| 505 |
_tRiquezas y Potencialidad de Armenia: recursos Naturales y un turismo promisorio / _rpor Elian Balbini -- |
||
| 505 |
_t El conflicto de Nagorno Karabagh - Artsaj desde 1988 hasta 2022 / _rpor Ricardo Torres -- |
||
| 505 |
_tConferencia "Las minorías en Turquía y sus derechos inexistentes" / _rpor Ragip Zarakolu -- |
||
| 505 |
_tConferencia: "El carácter político de la Diáspora Armenia y sus limitaciones" / _rpor Paul Haidostian. |
||
| 520 | _aLa denominación 'Cuestión Armenia' surgió del conjunto de exigencias del pueblo armenio en el orden internacional, objeto de atención por parte de los países centrales ya desde finales del siglo XIX. Se trata de una cuestión de naturaleza jurídica cuyo contenido debe ser abordado desde el Derecho Internacional. Este conjunto de exigencias se exteriorizó, por un lado, a través de las luchas que sostuvieron los armenios para lograr su independencia; y por el otro, mediante los acuerdos diplomáticos estipulados por las grandes potencias entre sí y en sus relaciones con el Imperio Otomano y Turquía, su sucesora, por imponer su dominio sobre Oriente. A fin de realizar un abordaje integral de la Cuestión Armenia en sus múltiples facetas, esta publicación propone reflejar el contenido de las clases y conferencias brindadas en el Seminario curricular 'La Cuestión Armenia en las RRII' de la Facultad de Ciencia Política y Relaciones Internacionales de la Universidad Nacional de Rosario, enfocando su estudio a partir de finales del siglo XIX, desde la perspectiva de la historia de las Relaciones Internacionales, la Política Internacional y el Derecho Internacional. | ||
| 650 | 7 |
_aGenocidio _2embne |
|
| 650 | 7 |
_aArmenios _2embne |
|
| 650 | 7 |
_aDerecho internacional _2embne |
|
| 650 | 7 |
_aRelaciones internacionales _2embne |
|
| 700 | 1 |
_aDemirdjian, Florencia _ecompiladora |
|
| 700 | 1 |
_aConforti, Liliana _eprologuista |
|
| 700 | 1 | _aDemirdjian, Delfina | |
| 700 | 1 | _aDemirdjian, Sabrina | |
| 700 | 1 | _aGatti, Lidia | |
| 700 | 1 | _aBruera, Matilde M. | |
| 942 |
_2udc _cOG _n0 |
||
| 999 |
_c1004 _d1004 |
||